| 000 | 01001nam a22003017a 4500 | ||
|---|---|---|---|
| 001 | 7354 | ||
| 003 | FISKH | ||
| 005 | 20250819141253.0 | ||
| 008 | 250710b cb ||||| |||| 00| 0 eng d | ||
| 020 | _a9780439314312 | ||
| 040 |
_aFISKH _beng _cFISKH _dFISKH |
||
| 050 | _aPZ7.C17363 | ||
| 082 | _a813 | ||
| 100 | _aCapeci, Anne | ||
| 245 |
_aThe magic school bus chapter book : _bInsect invaders / _cWritten by Anne Capeci ; Illustrations by John Spiers |
||
| 250 | _aThis edition first published in 2001 | ||
| 260 |
_aNew York : _bScholastic, _c2001 |
||
| 300 |
_a87 pages : _billustrations ; _c20 cm |
||
| 505 | _aP | ||
| 520 | _aMs. Frizzle teaches her class about insects and their world by using the magic school bus to turn them all into insects themselves. | ||
| 521 | 8 |
_a610
_bLexile |
|
| 521 | 8 |
_aP
_bRaz-Plus |
|
| 650 |
_2Magic School Bus _aChildren's |
||
| 650 |
_2Animals _aInsects/Bugs |
||
| 700 |
_aSpiers, John _dillustrator |
||
| 942 |
_2ddc _cBK _n0 |
||
| 999 |
_c7354 _d7354 |
||